كيف تكتب بحثا أو رسالة: دراسة منهجية لكتابة البحوث ....... / (رقم التسجيلة. 100469)
[ عرض عادي ]
| 000 -الفاتح | |
|---|---|
| عناصر البيانات ثابتة الطول | 00472nam a22001697a 4500 |
| 005 - تاريخ ووقت آخر معاملة | |
| حقل ضبط | 20251108173305.0 |
| 008 - عناصر البيانات ثابتة الطول | |
| عناصر البيانات ثابتة الطول | 250721s1997 xx 000 0 ara d |
| 020 ## - الترقيم الدولي المعياري للكتب (ردمك) | |
| الترقيم الدولي المعياري للكتب (ردمك) | 9777001088 |
| 082 14 - رقم تصنيف ديوي العشري | |
| رقم التصنيف | 001.4/شلب |
| 100 1# - مدخل رئيسي – اسم شخصي | |
| الاسم الشخصي | شلبي، أحمد |
| 245 10 - بيان العنوان | |
| العنوان | كيف تكتب بحثا أو رسالة: دراسة منهجية لكتابة البحوث ....... / |
| 250 ## - بيان الطبعة | |
| بيان الطبعة | ط13 |
| 300 ## - الوصف المادي | |
| عدد الوحدات المكونة للوعاء | 199ص |
| 650 17 - مدخل إضافي بالموضوع - مصطلح موضوعي | |
| مصطلح موضوعي أو اسم جغرافي كعنصر مدخل | الأبحاث |
| 942 ## - بيانات إضافية (كوها) | |
| نوع التنصيف | Dewey Decimal Classification |
| نوع المادة (كوها) | كتب |
| حالة السحب | حالة الفقدان | مصدر التصنيف | حالة التلف | غير قابل للإعارة | المكتبة الرئيسية | المكتبة الحالية | موقع الرف | تاريخ التزويد | الرقم المتسلسل | Total Checkouts | رقم الإستدعاء | الباركود | تاريخ آخر ظهور | تاريخ الفاتورة | نوع المادة (كوها) |
|---|---|---|---|---|---|---|---|---|---|---|---|---|---|---|---|
| Dewey Decimal Classification | المكتبة المركزية | المكتبة المركزية | الإعارة | 28/07/2025 | 865870 | 001.4/شلب | 865870 | 28/07/2025 | 28/07/2025 | كتب |